000 00965cam6a220028900 4500
001 lce01094040
008 800327s1980 enka b 001 0 eng
010 _a 79041785 //r89
015 _aGB80
020 _cL.35.00
035 _a(Sirsi) r94955
035 _a(DLC) 79041785 //r89
035 _a(UPRA)lce01094040
040 _dUPRA
050 0 _aQR89.7
_b.M47
082 _a589
245 0 0 _aMethods for evaluating biological nitrogen fixation /
_cedited by F.J. Bergersen.
260 _aChichester [England] ; New York :
_aChichester [England] ; New York :
_bJ. Wiley,
_cc1980.
500 _a"A Wiley-Interscience publication."
500 _aIncludes indexes.
504 _aBibliography: p. 637-680.
650 0 _aNitrogen -- Fixation.
_xNitrogen -- Fixation.
_6S11184.1
650 0 _aNitrogen-fixing microorganisms.
_6S41760.1
700 1 _aBergersen, F. J.
_6A53591.1
949 _aQR89.7
_wlcc
_i-134063
_mMAIN
_tBOOK
_lON-SHELF
004 94955
999 _c134446
_d134446